MARC details
| 000 -LEADER |
| fixed length control field |
02329cas a2200505 a 4500 |
| 001 - CONTROL NUMBER |
| control field |
11033 |
| 003 - CONTROL NUMBER IDENTIFIER |
| rucl marc code |
BD-RjUL |
| 005 - DATE AND TIME OF LATEST TRANSACTION |
| control field |
20211208235047.0 |
| 008 - FIXED-LENGTH DATA ELEMENTS--GENERAL INFORMATION |
| fixed length control field |
140126s1967 ny aa p 0 1 a0eng |
| 030 ## - CODEN DESIGNATION |
| CODEN |
CLCMAB |
| Canceled/invalid CODEN |
CCMPA7 |
| 035 ## - SYSTEM CONTROL NUMBER |
| System control number |
(BD-RjUL)11082 |
| 040 ## - CATALOGING SOURCE |
| Original cataloging agency |
DLC |
| Transcribing agency |
DLC |
| Modifying agency |
NSDP |
| -- |
MH |
| -- |
OCoLC |
| -- |
AIP |
| -- |
MH |
| -- |
AIP |
| -- |
NSDP |
| -- |
NST |
| -- |
MH |
| -- |
PBL |
| -- |
DLC |
| -- |
DNLM |
| -- |
InU |
| -- |
OCoLC |
| -- |
DLC |
| -- |
MCM |
| -- |
OCoLC |
| -- |
MCM |
| -- |
GOSCI |
| -- |
OCoLC |
| -- |
CU-A |
| -- |
DLC |
| -- |
BD-RjUL |
| Language of cataloging |
eng |
| 041 0# - LANGUAGE CODE |
| Language code of text/sound track or separate title |
eng |
| Language code of summary or abstract |
fre |
| -- |
ger |
| -- |
rus |
| 082 #4 - DEWEY DECIMAL CLASSIFICATION NUMBER |
| Classification number |
552.5 |
| Author mark and year |
CLA |
| 245 00 - TITLE STATEMENT |
| Title |
Clays and clay minerals : |
| Remainder of title |
proceedings of the fifteenth conference pittsburgh, pennsylvania / |
| Statement of responsibility, etc. |
conducted by The clay minerals society, editor S. W> Bailey and others. |
| Number of part/section of a work |
Volume 27 |
| 250 ## - EDITION STATEMENT |
| Edition statement |
1st ed. |
| 260 ## - PUBLICATION, DISTRIBUTION, ETC. (IMPRINT) |
| Place of publication, distribution, etc. |
Oxford ; |
| -- |
New York : |
| Name of publisher, distributor, etc. |
Symposium Publications Division, Pergamon Press, |
| Date of publication, distribution, etc. |
c1967. |
|
| Place of publication, distribution, etc. |
Boulder, CO : |
| Name of publisher, distributor, etc. |
Clay Minerals Society |
|
| Place of publication, distribution, etc. |
Chantilly, VA : |
| Name of publisher, distributor, etc. |
Clay Minerals Society |
| 300 ## - PHYSICAL DESCRIPTION |
| Pagination |
v. : |
| Illustrations |
ill. ; |
| Size |
27 cm. |
| 321 ## - FORMER PUBLICATION FREQUENCY |
| Former publication frequency |
Annual, |
| Dates of former publication frequency |
1965-66 |
| 490 1# - SERIES STATEMENT |
| Series statement |
International series of monographs on earth sciences |
| 500 ## - GENERAL NOTE |
| General note |
Title from cover. |
| 504 ## - BIBLIOGRAPHY, ETC. NOTE |
| Bibliography, etc |
Includes bibliographical references and index. |
| 510 2# - CITATION/REFERENCES NOTE |
| Name of source |
Chemical abstracts |
| International Standard Serial Number |
0009-2258 |
| 550 ## - ISSUING BODY NOTE |
| Issuing body note |
Vol. for 1965 constitutes the proceedings of the National Conference on Clays and Clay Minerals; vol. for 1966 constitutes the proceedings of the Clay Minerals Conference. |
|
| Issuing body note |
Journal of the Clay Minerals Society, 1968-<2003>. |
| 650 #0 - SUBJECT ADDED ENTRY--TOPICAL TERM |
| Topical term or geographic name as entry element |
Clay |
| Form subdivision |
Periodicals. |
| 9 (RLIN) |
34098 |
|
| Topical term or geographic name as entry element |
Clay minerals |
| Form subdivision |
Periodicals. |
| 9 (RLIN) |
34099 |
|
| Topical term or geographic name as entry element |
Clay industries |
| Form subdivision |
Periodicals. |
| 9 (RLIN) |
34100 |
| 700 1# - ADDED ENTRY--PERSONAL NAME |
| Personal name |
Bailey, S. W. |
| 710 2# - ADDED ENTRY--CORPORATE NAME |
| Corporate name or jurisdiction name as entry element |
Clay Minerals Society. |
| 9 (RLIN) |
34102 |
| 711 2# - ADDED ENTRY--MEETING NAME |
| Meeting name or jurisdiction name as entry element |
National Conference on Clays and Clay Minerals. |
| 9 (RLIN) |
34103 |
|
| Meeting name or jurisdiction name as entry element |
Clay Minerals Conference. |
| 9 (RLIN) |
34104 |
| 776 1# - ADDITIONAL PHYSICAL FORM ENTRY |
| Title |
Clays and clay minerals (Online) |
| International Standard Serial Number |
1552-8367 |
| Record control number |
(DLC) 2004236701 |
| -- |
(OCoLC)55200449 |
| 780 00 - PRECEDING ENTRY |
| Main entry heading |
National Conference on Clays and Clay Minerals. |
| Title |
Clays and clay minerals |
| Record control number |
(DLC) 67024995 |
| 830 #0 - SERIES ADDED ENTRY--UNIFORM TITLE |
| Uniform title |
International series of monographs on earth sciences. |
| 942 ## - ADDED ENTRY ELEMENTS (KOHA) |
| Source of classification or shelving scheme |
Dewey Decimal Classification |
| Koha item type |
Books |